01404 2200241 4500001002100000005001500021035002000036007000300056008004100059020001800100082001000118084001600128100003700144245015500181250001400336260004900350300003100399700002900430500006100459650003800520520058700558990001701145INLIS00000000000027520260604095624 a0010-0323000169ta260604 e 0 ind  a979-504-147-7 a611.1 a611.1 HAR k0 aHardunge, Mervyn G ( Pengarang )1 aKiat Keluarga Sehat Mencapai Hidup Prima dan Bugar Jilid 3 :bKesehatan keluarga & berbagai penyakit umum /cMervyn G.Hardunge ;Editor, J.F.Manullang aCetakan 2 aBandung :bIndonesia Piblishing House,c2005 a490 :bilus. ;c25.5 cme-0 aJ.F.Manullang ( Editor ) aDisadur dari Family Medical Guide to Health and Fitness 4aKeluarga Kesehatan dan Kebersihan aBuku ini dapat digolongkan sebagai buku pintar yang dirancang untuk para profesional non medis, sehingga mudah dipahami karena penulisnya adalah seorang guru besar kedokteran. Diskusikan segala jenis penyakit yang dialami manusia selengkap mungkin, dan kenali penyakit mana dan cara pengobatannya dari sudut pandang pasien dan keluarga, serta pencegahan penyakit dari fisik hingga mental. Selain itu, buku ini juga memberikan informasi yang sangat penting untuk membantu Anda memahami penyebab berbagai penyakit, ciri-ciri penyakit tertentu, makanan sehat, olah raga yang baik, dll. a00042/R/2005